LEC 2025 (LOL) - Team rosters - Statistics

General Stats
  • This quiz has been taken 62 times
  • The average score is 43 of 61
Answer Stats
Team Role Winter Summer % Correct
G2 Esports Top BrokenBlade BrokenBlade BrokenBlade
98%
Bot Caliste Caliste Caliste
98%
Karmine Corp Top Canna Canna Canna
98%
Mid Caps Caps Caps
98%
Bot Hans Sama Hans Sama Hans Sama
98%
Jungle Razork Razork Razork
96%
Jungle SkewMond SkewMond SkewMond
96%
Mid Vladi Vladi Vladi
96%
Jungle Yike Yike Yike
96%
Mid Humanoid Humanoid Poby
94%
Support Mikyx Mikyx Mikyx
94%
Support Targamas Targamas Targamas
94%
Bot Upset Upset Upset
94%
Support Labrov Labrov Labrov
92%
Jungle Elyoya Elyoya Elyoya
90%
Fnatic Top Oscarinin Oscarinin Oscarinin
90%
Bot Supa Supa Supa
90%
Rogue/Navi Top Adam Adam Adam
88%
Support Alvaro Alvaro Alvaro
88%
Mid Jojopyun Jojopyun Jojopyun
88%
Poby
86%
Bot Noah Noah Noah
80%
Mid nuc nuc nuc
80%
Bot Carzzy Carzzy Carzzy
76%
Mid Jackies Jackies Jackies
76%
Movistar KOI Top Myrwn Myrwn Myrwn
76%
Nisqy
76%
Bot Flakked Flakked Flakked
73%
Jungle ISMA Boukada Skeanz
73%
Support Jun Jun Jun
73%
Team Vitality Top Naak Nako Naak Nako Naak Nako
73%
GIANTX Top Lot Lot Lot
71%
Jungle Sheo Sheo Sheo
71%
Mid Kamiloo Kamiloo Kamiloo
69%
Bot Ice Ice Ice
67%
Mid Larssen Larssen Larssen
67%
Support Hylissang Nisqy Fleshy
65%
Jungle Malrang Malrang Thayger
65%
Team Heretics Top Carlsen Carlsen Carlsen
63%
Fleshy
63%
Jungle Lyncas Lyncas Lyncas
63%
Support Stend Stend Stend
63%
Support Parus Parus Parus
61%
Team BDS Top Irrelevant Irrelevant Rooster
59%
Jungle 113 113 Boukada
57%
Boukada
57%
Mid Czajek Czajek Czajek
55%
Hans SamD
53%
Rooster
51%
Bot Patrik Patrik Hans SamD
47%
Jungle Closer ISMA ISMA
45%
Thayger
45%
Skeanz
39%
SK Gaming Top JNX JNX DnDn
37%
Keduii
37%
Support Loopy Loopy Loopy
37%
Mid RKR RKR Abbedagge
33%
Bot Rahel Keduii Keduii
31%
Abbedagge
27%
Support Execute Execute Malrang
27%
DnDn
20%
No matching quizzes found
Score Distribution
Percent of People with Each Score
Percentile by Number Answered
Your Score History
You have not taken this quiz